000
00330nam a22001457a 4500
003
SGT
020
_a
9789380316895
082
_a
616.01
_b
SWA
100
_a
SWAMY VINOD KUMAR
245
_a
POCKETBOOK OF MEDICAL MICROBIOLOGY
260
_a
INDIA
_b
AHUJA PUB
_c
2023
300
_a
696
650
_a
MICROBIOLOGY
942
_2
ddc
_c
BK
999
_c
33271
_d
33271